000 003500000a22001330004500
082 0 4 _aM765m
100 1 _aMontúfar Neira, Margarita
245 1 0 _aEl maltrato infantil / Margarita Montúfar Neira : Rosario Parra Caicedo
260 _aColombia : Clarityne
300 _a19 P.
650 1 4 _aEstudio sociales para niños
001 2144
942 _cLGB
999 _c49290
_d49290